آنحضرت بحیثیت سپہ سالار (Record no. 553787)
[ view plain ]
| 000 -LEADER | |
|---|---|
| fixed length control field | 00352nam a22001217a 4500 |
| 082 ## - DEWEY DECIMAL CLASSIFICATION NUMBER | |
| Classification number | 297.63 |
| Author Mark | FAU |
| -- | L-39, P-27 |
| 100 ## - MAIN ENTRY--PERSONAL NAME | |
| Personal name | Fauz ur Rehman, Dr Hafiz Qari |
| 9 (RLIN) | 51046 |
| 245 ## - TITLE STATEMENT | |
| Title | آنحضرت بحیثیت سپہ سالار |
| 260 ## - PUBLICATION, DISTRIBUTION, ETC. | |
| Place of publication, distribution, etc. | Rawalpindi, |
| Name of publisher, distributor, etc. | Army Press, |
| Date of publication, distribution, etc. | 2000. |
| 300 ## - PHYSICAL DESCRIPTION | |
| Extent | 43p. |
| 526 ## - STUDY PROGRAM INFORMATION NOTE | |
| Program name | 0 |
| Interest level | 0 |
| Reading level | 0 |
| Title point value | 297_630000000000000_FAU |
| 942 ## - ADDED ENTRY ELEMENTS (KOHA) | |
| Source of classification or shelving scheme | |
| Koha item type | Book |
| Withdrawn status | Lost status | Source of classification or shelving scheme | Damaged status | Not for loan | Permanent Location | Current Location | Date acquired | Total Checkouts | Full call number | Barcode | Date last seen | Price effective from | Koha item type |
|---|---|---|---|---|---|---|---|---|---|---|---|---|---|
| Military College of Engineering (MCE) | Military College of Engineering (MCE) | 03/20/2017 | 297.63 FAU | MCE-41154 | 03/20/2017 | 03/20/2017 | Book |
